00297nam a2200133Ia 4500008004100000041000800041082001600049100001400065245003400079260002000113300000800133365000800141700001400149230718s9999 xx 000 0 und d aeng a650.14bNEL aNelson R. aWhat Colour Is Your Parachute c1997bTen Speed a293 cRs. aNelson R.